[Event "Vladivostok Primorsky Debut"]
[Site "Vladivostok"]
[Date "2016.07.28"]
[Round "8"]
[White "Mironov, Valery"]
[Black "Daudov, Dmitriy"]
[Result "1-0"]
[WhiteElo "2323"]
[BlackElo "2318"]
[PlyCount "79"]
[EventDate "2016.07.21"]
[EventType "swiss"]
[EventRounds "9"]
[EventCountry "RUS"]
[SourceTitle "CBM 173 Extra"]
[Source "ChessBase"]
[SourceDate "2016.08.29"]
[SourceVersion "1"]
[SourceVersionDate "2016.08.29"]
[SourceQuality "1"]

1. c4 Nf6 2. Nf3 g6 3. g3 Bg7 4. Bg2 d6 5. d4 0-0 6. 0-0 Nc6 7. d5 Na5 8. Nfd2 c5 9. Nc3 a6 10. Qc2 Rb8 11. Rb1 Qc7 12. b3 b5 13. Nce4 Nxe4 14. Bxe4 bxc4 15. bxc4 Rxb1 16. Qxb1 Bg4 17. Qd3 e5 18. dxe6 Bxe6 19. Bd5 Nc6 20. Bxe6 fxe6 21. Ne4 Nd4 22. Bf4 Rxf4 23. gxf4 d5 24. cxd5 exd5 25. Ng3 c4 26. Qe3 Kf7 27. Kg2 c3 28. Rc1 Ne6 29. f5 gxf5 30. Nxf5 d4 31. Qf3 Nf4+ 32. Kh1 Qe5 33. Nxg7 Kxg7 34. e3 dxe3 35. Qxe3 Qd5+ 36. f3 Nd3 37. Rxc3 Ne5 38. Qg5+ Kf7 39. Rc7+ Ke6 40. Qg8+ 1-0

[Event "Vladivostok Primorsky Debut"]
[Site "Vladivostok"]
[Date "2016.07.27"]
[Round "7"]
[White "Karpinsky, Kirill"]
[Black "Daudov, Dmitriy"]
[Result "1/2-1/2"]
[WhiteElo "1943"]
[BlackElo "2318"]
[PlyCount "58"]
[EventDate "2016.07.21"]
[EventType "swiss"]
[EventRounds "9"]
[EventCountry "RUS"]
[SourceTitle "CBM 173 Extra"]
[Source "ChessBase"]
[SourceDate "2016.08.29"]
[SourceVersion "1"]
[SourceVersionDate "2016.08.29"]
[SourceQuality "1"]

1. c4 e5 2. Nc3 Bb4 3. g3 Nf6 4. Bg2 0-0 5. d3 Nc6 6. Bd2 Re8 7. e4 Nd4 8. Nge2 b5 9. Nxd4 exd4 10. Nxb5 Bxd2+ 11. Qxd2 d5 12. cxd5 Rb8 13. Na3 Qxd5 14. 0-0 Qh5 15. Nc4 Be6 16. Rac1 Qb5 17. b3 h5 18. Qf4 Qa6 19. e5 Nd5 20. Qxd4 Nb4 21. Qe3 Qxa2 22. Ra1 Qc2 23. Be4 Nd5 24. Qd2 Qxb3 25. Ra3 Qb4 26. Qxb4 Rxb4 27. Rxa7 Nc3 28. Bc6 Rc8 29. Ne3 h4 1/2-1/2

[Event "Vladivostok op"]
[Site "Vladivostok"]
[Date "2007.08.??"]
[Round "3"]
[White "Daudov, Dmitriy"]
[Black "Gritsenko, Andrey"]
[Result "0-1"]
[WhiteElo "2290"]
[BlackElo "2292"]
[PlyCount "58"]
[EventDate "2007.08.??"]
[EventType "swiss"]
[EventRounds "9"]
[EventCountry "RUS"]
[SourceTitle "EXT 2009"]
[Source "ChessBase"]
[SourceDate "2008.11.26"]
[SourceVersion "1"]
[SourceVersionDate "2008.11.26"]
[SourceQuality "1"]

1. e4 c5 2. Nf3 d6 3. Bb5+ Bd7 4. Bxd7+ Qxd7 5. 0-0 Nc6 6. Re1 Nf6 7. c3 e6 8. d3 Be7 9. a3 0-0 10. b4 b5 11. Bf4 Rfd8 12. Nbd2 a5 13. bxa5 Rxa5 14. c4 b4 15. axb4 Rxa1 16. Qxa1 Nxb4 17. Qc3 e5 18. Bg5 Ra8 19. Nf1 h6 20. Bxf6 Bxf6 21. Ne3 Qa4 22. Nd5 Bd8 23. Nxb4 cxb4 24. Qb2 Qa3 25. Qxa3 Rxa3 26. Rd1 Bb6 27. Kf1 Ra2 28. Nd2 b3 29. g3 Rc2 0-1

[Event "Vladivostok op"]
[Site "Vladivostok"]
[Date "2007.08.??"]
[Round "5"]
[White "Daudov, Dmitriy"]
[Black "Kravtsov, Sergey"]
[Result "1-0"]
[WhiteElo "2290"]
[BlackElo "2367"]
[PlyCount "55"]
[EventDate "2007.08.??"]
[EventType "swiss"]
[EventRounds "9"]
[EventCountry "RUS"]
[SourceTitle "EXT 2009"]
[Source "ChessBase"]
[SourceDate "2008.11.26"]
[SourceVersion "1"]
[SourceVersionDate "2008.11.26"]
[SourceQuality "1"]

1. e4 e5 2. Nf3 Nc6 3. c3 Nf6 4. d4 Nxe4 5. d5 Bc5 6. dxc6 Bxf2+ 7. Ke2 bxc6 8. Qa4 f5 9. Nbd2 0-0 10. Nxe4 fxe4 11. Qxe4 d5 12. Qxe5 Re8 13. Qxe8+ Qxe8+ 14. Kxf2 Bf5 15. Be2 Qe4 16. Re1 Rf8 17. Bd1 Qg4 18. Be3 Bd3 19. Be2 Be4 20. Bc5 Rf6 21. h3 Qf4 22. Kg1 Rg6 23. Rf1 Qg3 24. Rf2 h6 25. Kf1 a5 26. a4 Rf6 27. b4 Qg6 28. bxa5 1-0

[Event "Vladivostok op"]
[Site "Vladivostok"]
[Date "2007.08.??"]
[Round "8"]
[White "Daudov, Dmitriy"]
[Black "Tsigelnitskiy, Ilusha"]
[Result "0-1"]
[WhiteElo "2290"]
[BlackElo "2371"]
[PlyCount "42"]
[EventDate "2007.08.??"]
[EventType "swiss"]
[EventRounds "9"]
[EventCountry "RUS"]
[SourceTitle "EXT 2009"]
[Source "ChessBase"]
[SourceDate "2008.11.26"]
[SourceVersion "1"]
[SourceVersionDate "2008.11.26"]
[SourceQuality "1"]

1. e4 c5 2. c3 Nf6 3. e5 Nd5 4. d4 cxd4 5. cxd4 e6 6. Nc3 Nxc3 7. bxc3 Qc7 8. Bd2 d6 9. f4 Be7 10. Bd3 0-0 11. Nf3 b6 12. h4 Ba6 13. Bxh7+ Kxh7 14. Ng5+ Kg8 15. Qh5 Bd3 16. Qf3 Bh7 17. Qh5 Bg6 18. Qg4 Bf5 19. Qf3 Qc6 20. Kf2 Qxf3+ 21. Kxf3 Nd7 0-1

[Event "Moscow Aeroflot op-C"]
[Site "Moscow"]
[Date "2006.02.14"]
[Round "8"]
[White "Daudov, Dmitriy"]
[Black "Mascellani, Marco"]
[Result "1/2-1/2"]
[WhiteElo "2305"]
[BlackElo "2286"]
[PlyCount "78"]
[EventDate "2006.02.07"]
[EventType "swiss"]
[EventRounds "9"]
[EventCountry "RUS"]
[SourceTitle "EXT 2007"]
[Source "ChessBase"]
[SourceDate "2006.11.23"]
[SourceVersion "1"]
[SourceVersionDate "2006.11.23"]
[SourceQuality "1"]

1. e4 c5 2. c3 d5 3. exd5 Qxd5 4. d4 Nc6 5. Nf3 Bg4 6. Be2 cxd4 7. cxd4 e6 8. Nc3 Qd7 9. 0-0 Bd6 10. h3 Bh5 11. d5 exd5 12. Nxd5 Nge7 13. Nf4 Bxf3 14. Bxf3 0-0 15. Nd5 Rad8 16. Bg5 Qf5 17. Bxe7 Nxe7 18. Nxe7+ Bxe7 19. Qa4 Bc5 20. Rad1 b5 21. Qh4 Qf6 22. Qxf6 gxf6 23. g3 Bd4 24. Rd2 Rd6 25. Rc1 Rfd8 26. Kg2 f5 27. Rc6 Rxc6 28. Bxc6 b4 29. f4 Kg7 30. Bb5 Bb6 31. Rc2 Rd1 32. Kf3 h5 33. h4 Bd4 34. b3 Bc3 35. Ke3 Kf6 36. Be2 Rg1 37. Kf2 Bd4+ 38. Kf3 Bc3 39. Bc4 Be1 1/2-1/2

[Event "Moscow Aeroflot op-C"]
[Site "Moscow"]
[Date "2006.02.08"]
[Round "2"]
[White "Daudov, Dmitriy"]
[Black "Roy Chowdhury, Saptarshi"]
[Result "0-1"]
[WhiteElo "2305"]
[BlackElo "2376"]
[PlyCount "64"]
[EventDate "2006.02.07"]
[EventType "swiss"]
[EventRounds "9"]
[EventCountry "RUS"]
[SourceTitle "EXT 2007"]
[Source "ChessBase"]
[SourceDate "2006.11.23"]
[SourceVersion "1"]
[SourceVersionDate "2006.11.23"]
[SourceQuality "1"]

1. Nf3 d5 2. b3 Nf6 3. Bb2 c6 4. e3 Bg4 5. h3 Bh5 6. c4 e6 7. Nc3 Nbd7 8. Be2 Be7 9. d3 Bxf3 10. Bxf3 0-0 11. 0-0 Qb8 12. Qc2 a5 13. e4 dxc4 14. dxc4 e5 15. Ne2 Re8 16. Rfd1 Nc5 17. g3 Ne6 18. Qc3 Ng5 19. Qe3 Ne6 20. Qc3 Bb4 21. Qxe5 Qxe5 22. Bxe5 Ng5 23. Bxf6 Nxf3+ 24. Kg2 Ne1+ 25. Kf1 gxf6 26. a3 Nc2 27. axb4 Nxa1 28. Rxa1 axb4 29. Rb1 Red8 30. Rb2 Ra1+ 31. Kg2 Rad1 32. Nf4 R8d2 0-1

[Event "Moscow Aeroflot op-C"]
[Site "Moscow"]
[Date "2006.02.07"]
[Round "1"]
[White "Azizyan, Genrikh"]
[Black "Daudov, Dmitriy"]
[Result "0-1"]
[WhiteElo "2192"]
[BlackElo "2305"]
[PlyCount "88"]
[EventDate "2006.02.07"]
[EventType "swiss"]
[EventRounds "9"]
[EventCountry "RUS"]
[SourceTitle "EXT 2007"]
[Source "ChessBase"]
[SourceDate "2006.11.23"]
[SourceVersion "1"]
[SourceVersionDate "2006.11.23"]
[SourceQuality "1"]

1. d4 Nf6 2. c4 c5 3. Nf3 cxd4 4. Nxd4 d6 5. Nc3 g6 6. g3 Nc6 7. Bg2 Bd7 8. 0-0 Bg7 9. h3 0-0 10. Nc2 Qa5 11. e4 Ne5 12. Ne3 Rac8 13. Ncd5 Nxd5 14. Nxd5 Qd8 15. Bg5 f6 16. Be3 e6 17. Nc3 Nxc4 18. Bxa7 Qa5 19. Bd4 Nxb2 20. Qb3 Nc4 21. Rad1 b5 22. Nb1 Qa4 23. Nd2 Qxb3 24. axb3 Ne5 25. f4 Nf7 26. Rc1 e5 27. Be3 Be6 28. Kf2 f5 29. fxe5 dxe5 30. Ke2 Nd6 31. Bc5 Rfd8 32. h4 Bh6 33. Be3 Bxe3 34. Kxe3 b4 35. Rfd1 Rc3+ 36. Kf2 fxe4 37. Nf1 Bxb3 38. Re1 Bc2 39. Ne3 b3 40. Nxc2 bxc2 41. Bxe4 Nxe4+ 42. Rxe4 Rd1 43. Re1 Rxc1 44. Rxc1 h5 0-1

[Event "RUS-ch Schools"]
[Site "Novokuznetsk"]
[Date "2001.??.??"]
[Round "4"]
[White "Shukan, Alexander"]
[Black "Daudov, Dmitriy"]
[Result "0-1"]
[WhiteElo "2182"]
[BlackElo "2332"]
[PlyCount "64"]
[EventDate "2001.10.??"]
[EventType "swiss"]
[EventRounds "9"]
[EventCountry "RUS"]
[SourceTitle "CBM 085 Extra"]
[Source "ChessBase"]
[SourceDate "2002.01.21"]
[SourceVersion "1"]
[SourceVersionDate "2002.01.21"]
[SourceQuality "1"]

1. e4 e5 2. Nf3 Nc6 3. Nc3 Nf6 4. g3 Bb4 5. d3 d5 6. exd5 Nxd5 7. Bd2 0-0 8. Bg2 Nxc3 9. bxc3 Bd6 10. 0-0 h6 11. h3 a5 12. Re1 a4 13. d4 Qf6 14. d5 Na5 15. Qe2 Re8 16. c4 e4 17. c5 Bxc5 18. Qb5 Bxf2+ 19. Kxf2 Bxh3 20. Bxh3 Qxf3+ 21. Kg1 Qxg3+ 22. Bg2 e3 23. Bxa5 Qf2+ 24. Kh1 Re5 25. Qe2 Qh4+ 26. Kg1 Rxa5 27. Qf3 Ra6 28. Rxe3 Qd4 29. Rae1 Rf6 30. Qe2 Rg6 31. Qd3 Qg4 32. Qe2 Rxe3 0-1